Language Quiz

Random Language Quiz

Duolingo Languages Quiz Stats

 Plays Quiz not verified by Sporcle

Support Sporcle.
Go Orange.
Score 0/37 Timer 10:00
0 Plays Today
Answer % Correct
Latin American Spanish
98.5%
French
96%
German
92.6%
Chinese (Mandarin)
92.5%
Japanese
92.3%
Italian
89.7%
Russian
86.8%
Finnish
86.1%
Brazilian Portuguese
86%
Swedish
86%
Dutch
83.8%
Arabic
83.7%
Norwegian Bokmål
82.7%
Danish
81.6%
Polish
80.5%
Hindi
78.5%
Greek
78.5%
Irish
73.9%
Korean
73.5%
Answer % Correct
Turkish
72.4%
Hungarian
69.9%
Hebrew
68.7%
Czech
68.2%
Vietnamese
67.5%
Romanian
67.4%
Latin
67.1%
Yiddish
66.7%
Welsh
64.6%
Scottish Gaelic
63.3%
Klingon
61.7%
Swahili
61.1%
Ukrainian
58.5%
Indonesian
57.5%
Esperanto
55.1%
Hawaiian
54.4%
Navajo
50.3%
High Valyrian
45.8%

You're not logged in!

Compare scores with friends on all Sporcle quizzes.
OR
Log In

From the Vault

Flipped US States II

by leppyfresh

Just be glad that we didn't include Colorado.
Remove Ads.
Support Sporcle.
Get the best of Sporcle when you Go Orange. This ad-free experience offers more features, more stats, and more fun while also helping to support Sporcle. Thank you for becoming a member.

Show Comments

Extras

Top Quizzes Today


Score Distribution

Your Account Isn't Verified!

In order to create a playlist on Sporcle, you need to verify the email address you used during registration. Go to your Sporcle Settings to finish the process.

Report this User

Report this user for behavior that violates our Community Guidelines.

Details: